[Event "Challenge"]
[Site "http://www.queenalice.com/game.php?id=347128"]
[Date "2008.2.2"]
[Round "-"]
[White "Powerslave"]
[Black "Jack5"]
[Result "0-1"]
[WhiteElo "1701"]
[BlackElo "1535"]

1. d4 d5 2. Bf4 c5 3. e4 Nf6 4. e5 Ne4 5. f3 Qa5+ 6. c3 cxd4 7. fxe4 dxc3 8.
Nxc3 dxe4 9. Qa4+ Qxa4 10. Nxa4 f5 11. Bc4 e6 12. O-O-O g6 13. Bg5 Bd7 14. Nc3
Bg7 15. Nb5 Bxb5 16. Bxb5+ Nc6 17. Rd6 h6 18. Bf6 Bxf6 19. exf6 O-O 20. Bxc6
bxc6 21. Rxe6 Kf7 22. Rxc6 g5 23. Ne2 Rac8 24. Rxc8 Rxc8+ 25. Nc3 Kxf6 26. Kd2
Re8 27. Ne2 f4 28. Rf1 Rb8 29. b3 a5 30. Nc3 Ke5 31. Rc1 f3 32. gxf3 exf3 33.
Nd1 Kd4 34. Nf2 Re8 35. Re1 Rxe1 0-1

[Event "Las 7 plagas"]
[Site "http://www.queenalice.com/game.php?id=348473"]
[Date "2008.2.4"]
[Round "-"]
[White "Bixu"]
[Black "Jack5"]
[Result "0-1"]
[WhiteElo "1706"]
[BlackElo "1569"]

1. e4 e5 2. b3 g6 3. Ba3 Bg7 4. Bc4 Nf6 5. Qf3 d6 6. Nh3 O-O 7. Ng5 Bg4 8. Qg3
h6 9. h3 Bh5 10. Bxf7+ Kh8 11. Ne6 Qe7 12. Nxf8 Qxf7 13. Nxg6+ Bxg6 14. d3 Nc6
15. O-O Nh5 16. Qf3 Nf4 17. Nc3 Nd4 18. Qd1 Bh5 19. f3 Rg8 20. g4 Nxh3+ 21. Kg2
Nf4+ 22. Kg3 Bf6 23. Kf2 Bh4+ 24. Ke3 Ng2+ 0-1

[Event "Allons Enfants"]
[Site "http://www.queenalice.com/game.php?id=348830"]
[Date "2008.2.5"]
[Round "-"]
[White "Jack5"]
[Black "Trajan"]
[Result "1/2-1/2"]
[WhiteElo "1604"]
[BlackElo "1798"]

1. d4 Nf6 2. c4 d6 3. Nf3 b6 4. g3 Bb7 5. Bg2 Nbd7 6. O-O e5 7. e3 g6 8. Nc3 Bg7
9. b4 e4 10. Ng5 O-O 11. Ngxe4 Re8 12. Nxf6+ Nxf6 13. Bxb7 Rb8 14. Bc6 Re7 15.
Ba3 a6 16. Qa4 Re6 17. d5 Re5 18. Qxa6 Rh5 19. Kg2 Ng4 20. Rh1 Bxc3 21. c5 Bxa1
22. Qe2 f5 23. h3 Be5 24. hxg4 fxg4 25. Bb2 Qg5 26. Bxe5 1/2-1/2

[Event "Challenge"]
[Site "http://www.queenalice.com/game.php?id=1119277"]
[Date "2012.11.5"]
[Round "-"]
[White "Jack5"]
[Black "General_SOM"]
[Result "1-0"]
[WhiteElo "1618"]
[BlackElo "1732"]

1. e4 c5 2. Nf3 Nc6 3. d4 cxd4 4. Nxd4 g6 5. Nc3 Bg7 6. Nb3 Nf6 7. Bc4 O-O 8.
O-O d6 9. f3 Bd7 10. Be3 a6 11. a4 Rc8 12. Qd2 Qc7 13. Be2 Rfd8 14. a5 e6 15.
Bb6 Qb8 16. Bxd8 Rxd8 17. Rfd1 Qc7 18. Qxd6 Qxd6 19. Rxd6 Nb4 20. Rd2 Nh5 21.
Rad1 Nf4 22. Na1 Nxe2+ 23. Nxe2 Bxb2 24. Nb3 Bf6 25. Rxd7 Rxd7 26. Rxd7 1-0

[Event "Challenge"]
[Site "http://www.queenalice.com/game.php?id=1119278"]
[Date "2012.11.5"]
[Round "-"]
[White "Jack5"]
[Black "velecico"]
[Result "1-0"]
[WhiteElo "1603"]
[BlackElo "1653"]

1. d4 Nf6 2. c4 g6 3. g3 d5 4. cxd5 Qxd5 5. Nf3 Bg7 6. Bg2 Nc6 7. O-O Qf5 8. Nc3
Bd7 9. e3 O-O 10. Bd2 a6 11. Qe2 Be6 12. a3 b5 13. Nh4 Qg4 14. Qxg4 Nxg4 15.
Bxc6 Rab8 16. Bf3 h5 17. h3 Nf6 18. Bg2 Bh6 19. Rac1 Bc4 20. Rfd1 Rbd8 21. Nf3
Bd5 22. Nxd5 Nxd5 23. Ne5 Rd6 24. Bxd5 Rxd5 25. Rxc7 e6 26. Rdc1 a5 27. Bxa5 f6
28. Nxg6 Rfd8 29. Re7 b4 30. Bxd8 Rxd8 31. Rc6 bxa3 32. bxa3 Ra8 33. a4 Rxa4 34.
Rc8+ 1-0

[Event "Challenge"]
[Site "http://www.queenalice.com/game.php?id=1119872"]
[Date "2012.11.7"]
[Round "-"]
[White "jdimas"]
[Black "Jack5"]
[Result "1-0"]
[WhiteElo "1784"]
[BlackElo "1614"]

1. c4 e5 2. e3 Bb4 3. a3 Be7 4. g3 Nc6 5. d3 b6 6. h4 Bb7 7. b3 a5 8. Qe2 Nf6 9.
f4 d6 10. Nf3 O-O 11. Qc2 Ng4 12. Bh3 h5 13. d4 exd4 14. Ng5 dxe3 15. Qh7# 1-0

[Event "AUTO-INT-2496"]
[Site "http://www.queenalice.com/game.php?id=1126360"]
[Date "2012.11.27"]
[Round "1"]
[White "Ew"]
[Black "Jack5"]
[Result "0-1"]
[WhiteElo "1687"]
[BlackElo "1651"]

1. e4 c5 2. d4 cxd4 3. Qxd4 Nc6 4. Qc4 e6 5. Nc3 Nf6 6. Bg5 Be7 7. Nf3 O-O 8.
O-O-O h6 9. Bxf6 Bxf6 10. e5 Be7 11. Bd3 d5 12. exd6 Bxd6 13. Qe4 g6 14. Nh4 Qe7
15. Nb5 Bc5 16. b3 a6 17. Nc3 Ba3+ 18. Kb1 Qf6 19. Qa4 Be7 20. Ne4 Qxh4 21. g3
Qh5 22. h4 b5 23. Qa3 Bxa3 24. Nf6+ Kg7 25. Nxh5+ gxh5 26. Rhg1 e5 27. Rge1 Bg4
28. Be2 Bxe2 29. Rxe2 Rad8 30. Rxd8 Rxd8 31. c4 Nb4 32. Re1 Rd2 33. cxb5 Nxa2
34. Rxe5 Nc3+ 35. Ka1 Rd1# 0-1

[Event "AUTO-INT-2496"]
[Site "http://www.queenalice.com/game.php?id=1126361"]
[Date "2012.11.27"]
[Round "1"]
[White "Jack5"]
[Black "Ew"]
[Result "1-0"]
[WhiteElo "1668"]
[BlackElo "1664"]

1. d4 d5 2. c4 dxc4 3. Nc3 Nc6 4. e3 Na5 5. Qa4+ c6 6. Bxc4 b5 7. Nxb5 cxb5 8.
Bxb5+ Bd7 9. Bxd7+ Qxd7 10. Qxa5 e6 11. Nf3 Nf6 12. O-O Nd5 13. Bd2 Rb8 14. b3
Bb4 15. Bxb4 Nxb4 16. Qc5 Nd3 17. Qc3 Qb5 18. Rfd1 Nb4 19. Qc7 O-O 20. Qxa7 Qe2
21. Rd2 Qb5 22. Ne5 Rfd8 23. Qxf7+ Kh8 24. Qxe6 h6 25. Nf7+ Kh7 26. Nxd8 Rxd8
27. e4 Nd3 28. Qf5+ Qxf5 29. exf5 Rxd4 30. Rad1 Nxf2 31. Rxd4 Nxd1 32. Rxd1 g6
33. Rd7+ Kg8 34. f6 g5 35. a4 Kf8 36. a5 1-0

[Event "AUTO-INT-2496"]
[Site "http://www.queenalice.com/game.php?id=1126368"]
[Date "2012.11.27"]
[Round "1"]
[White "Jack5"]
[Black "ReidoBaralho"]
[Result "0-1"]
[WhiteElo "1652"]
[BlackElo "1556"]

1. e4 e5 2. Nf3 d5 3. exd5 Qxd5 4. g3 e4 5. Nh4 e3 6. Bg2 exf2+ 7. Kf1 Bh3 8.
Qe2+ Qe6 9. Qxf2 Bxg2+ 10. Nxg2 Qc6 11. d4 Qc4+ 12. Kg1 Nc6 13. Qe3+ Nge7 14. c3
O-O-O 15. Nd2 Qd5 16. Nf4 Qg5 17. Nb3 Kb8 18. Qd3 Qg4 19. Be3 Nf5 20. Kg2 h5 21.
h3 Qxg3+ 22. Kf1 Nxe3+ 23. Ke2 Re8 24. Kd2 Qxf4 0-1

[Event "AUTO-INT-2496"]
[Site "http://www.queenalice.com/game.php?id=1126369"]
[Date "2012.11.27"]
[Round "1"]
[White "ReidoBaralho"]
[Black "Jack5"]
[Result "0-1"]
[WhiteElo "1545"]
[BlackElo "1640"]

1. e4 e5 2. Qh5 d6 3. h3 Nf6 4. Qe2 b6 5. g3 Bb7 6. Nc3 Be7 7. Nb5 Nxe4 8. Bg2
Nc5 9. Bxb7 Nxb7 10. Qf3 c6 11. Nc3 O-O 12. d3 d5 13. Nge2 Nd7 14. O-O f5 15.
Qh5 g6 16. Qf3 d4 17. Nd1 Nd6 18. Qxc6 Rc8 19. Qd5+ Nf7 20. f4 Rxc2 21. fxe5 Qc7
22. e6 Rxe2 23. exf7+ Rxf7 24. Qxd4 Qxg3+ 25. Kh1 Qh2# 0-1

[Event "Challenge"]
[Site "http://www.queenalice.com/game.php?id=1137358"]
[Date "2013.1.5"]
[Round "-"]
[White "velecico"]
[Black "Jack5"]
[Result "1-0"]
[WhiteElo "1623"]
[BlackElo "1691"]

1. d4 d5 2. c4 c6 3. e3 Nf6 4. Nf3 dxc4 5. Bxc4 g6 6. O-O Bg7 7. Nc3 O-O 8. b4
Nbd7 9. h3 Nb6 10. Bb3 Bd7 11. Bb2 e6 12. Qd3 Rc8 13. a3 1-0